Clubes de Natación de Galicia - Estadísticas

Estadísticas generales
  • Esta prueba ha sido intentada 86 veces
  • La puntuación promedio es 9 de 34
Estadísticas de respuestas
Club (Nombre Completo) Club FEGAN ID % Correcto
Club Natación Coruña CN Coruña NCORUÑA
59%
Club Natación Ferrol CN Ferrol CNFERRO
46%
Club Natación Portamiñá Lugo CN Portamiñá POR-MIÑA
43%
Club Natación Liceo CN Liceo CNLICEO
35%
Club Natación Arteixo CN Arteixo ARTEIXO
33%
Club Natación Galaico CN Galaico GALAICO
33%
Club Natación Monforte de Lemos CN Monforte MOLEMOS
33%
Sociedade Deportiva Cultural Natación Boiro RCN Vigo RCNVIGO
33%
Asociación Deportiva Fogar AD Fogar ADFOGAR
28%
Asociación Deportiva Náutico de Narón ADN Narón NTNARON
28%
Club Fluvial de Lugo C Fluvial CFVLUGO
28%
Club Marina Ferrol C Marina CMARINA
26%
Club Natación Culleredo CN Culleredo CULLERED
26%
Club Natación Ponteareas CN Ponteareas NPONTEA
26%
Club Natación Redondela CN Redondela CNREDON
26%
Sporting Club Casino Coruña Sporting C Casino CASINOC
26%
Club Natación Arzúa CN Arzúa ARZUA
24%
Club Natación Vigo Rías Baixas CN Vigo Rías Baixas CNVIGO
24%
Club Natación Vilagarcía CN Vilagarcía CNVILAG
24%
Club Natación Xove CN Xove CNXOVE
24%
Club Natación Oleiros CN Oleiros NOLEIROS
22%
Club Natación Ordes CN Ordes CNORDES
22%
Club Natación Pabellón Ourense CN Pabellón POURENSE
22%
Club Natación Riveira CN Riveira RIVEIRA
22%
Club del Mar de San Amaro Club del Mar CDELMAR
20%
Club Deportivo Natación Cidade de Santiago CDN Cidade de Santiago CIDSANTI
20%
Club Natación Mos CN Mos CNMOS
20%
Club Natación Cedeira CN Cedeira CEDEIRA
17%
Club Natación Panas CN Panas NPANAS
17%
Real Club Náutico de Vigo SDCN Boiro SDBOIRO
17%
Club Tenis Codesal C Tenis Codesal CODESAL
13%
Club Natación Sanxenxo CN Sanxenxo SANXENXO
11%
Universidad de Santiago de Compostela USC USC
9%
Club Mar de Artabria C Mar de Artabria ARTABRIA
2%
No se encontraron pruebas coincidentes
Distribución de puntuación
Porcentaje de gente con cada puntuación
Porcentaje por número respondido
Historial de tus puntuaciones
No has intentado esta prueba.